000
00327nam a2200145Ia 4500
005
20251222153616.0
008
251222s9999||||xx |||||||||||||| ||spa||
020
_a
8484539598
082
_a
895.135/X43
100
_a
Xingjian, Gao
245
0
_a
La MontaƱa del Alma
250
_a
1ra.ed.
264
_b
Planeta
942
_c
LIB
999
_c
31788
_d
31788